[Event "Madrid Chamartin op 8th"]
[Site "Madrid"]
[Date "2019.09.10"]
[Round "3"]
[White "Coromina Martinez, David"]
[Black "Cabanas Bravo, Juan Andres"]
[Result "0-1"]
[WhiteElo "1386"]
[BlackElo "2041"]
[PlyCount "94"]
[EventDate "2019.09.09"]
[EventType "swiss"]
[EventRounds "9"]
[EventCountry "ESP"]
[SourceTitle "CBM 192 Extra"]
[Source "Chessbase"]
[SourceDate "2019.11.06"]
[SourceVersion "1"]
[SourceVersionDate "2019.11.06"]
[SourceQuality "1"]

1. e4 e5 2. Nf3 Nc6 3. d4 exd4 4. Nxd4 Qf6 5. Nxc6 Bc5 6. Qe2 bxc6 7. Nc3 Rb8 8. Na4 Bd6 9. c3 Rb5 10. Be3 Ne7 11. Qc2 Ra5 12. Be2 Ng6 13. g3 0-0 14. f4 Re8 15. Bd4 Qe6 16. e5 c5 17. f5 Qd5 18. 0-0-0 Nxe5 19. Bxc5 Qxa2 20. Bxd6 cxd6 21. b3 Qa3+ 22. Qb2 Qxb2+ 23. Nxb2 Bb7 24. Rhe1 Ra1+ 25. Kc2 Be4+ 26. Bd3 Rxd1 27. Rxd1 Nxd3 28. Nxd3 Bxf5 29. Kd2 Bxd3 30. Kxd3 Rb8 31. Kc4 Rb6 32. b4 a6 33. Kb3 Kf8 34. Ka4 Ke7 35. Ka5 Rc6 36. c4 Rxc4 37. Re1+ Kd8 38. Rf1 f6 39. Rf4 Rxf4 40. gxf4 Kc7 41. Kxa6 Kc8 42. Kb6 g5 43. f5 h5 44. Kb5 g4 45. Kc4 h4 46. Kd3 g3 47. hxg3 h3 0-1